00547nam a22002057a 4500003000400000005001700004008004100021010001300062020002300075035001300098040001500111082001100126100003300137245006100170260002600231270002300257300001700280700001700297700002700314dpl20180914155904.0180914b xxu||||| |||| 00| 0 eng d aB-132800 a0143335898c199.00 aB-132800 aDPLbENc0 aSbROY aRoychoudhury, Upendrakishore aGoopy gyne bagha byne /cby Upendrakishore, Roychoudhury aLondonbPuffin books  a80 Strand bLondon a167p.:c20cm aDeb, Swagata aBhattacharya, Dipankar